Statistiques concernant Complétez les paroles de Jacques Brel (click)

Cliquez ici pour prendre le quiz!

Statistiques générales

  • Ce quiz a été pris 244 fois
  • Le résultat moyen est 8 sur 14

Statistiques - réponses

HintRéponse% Correct
Ne me quitte pas, je t'inventerai...des mots insensés
85%
Dans le port d'Amsterdam, y'a des marins qui naissent dans la chaleur épaisse...des langueurs océanes
83%
Qui se soule toutes les nuits avec...du mauvais vin
81%
Mais ce soir j'attends Madeleine, il me reste le cinéma, je lui dirai...des je t'aime
78%
Mais je te préviens, le voyage est fini, d'ailleurs, j'ai horreur...de tous les flonflons
58%
Mais j'pars aux fleurs la paix dans l'âme car vu qu't'es bon comme...du pain blanc
55%
Et qui ont à jamais le cœur à marée basse, avec infiniment...de brumes à venir
52%
Quand on n'a que l'amour pour meubler de merveilles et couvrir...de soleil
51%
Le coeur bien au chaud, les yeux...dans la bière
45%
Rêver un impossible rêve, porter le chagrin des départs, brûler...d'une possible fièvre
43%
On n'oublie rien de rien, on s'habitue c'est tout, ni même ce temps où j'aurais fait mille chansons...de mes regrets
42%
Puis on ira manger des moules et puis des frites, des frites et puis des moules et...du vin de Moselle
42%
Les vieux ne parlent plus ou alors seulement parfois...du bout des yeux
37%
Jojo, nous parlons en silence...d'une jeunesse vieille
37%

Distribution des résultats

Percentile par nombre de réponses

% des personnes avec chaque résultat

Votre développement - résultats

Vous n’avez pas pris ce quiz